Co to za raper? - Statystyki

Ogólne statystyki
  • Ten quiz został rozwiązany 132 razy
  • Średni wynik to 12 z 16
Statystyki odpowiedzi
Obrazkowy Odpowiedź % Poprawnych
Mata
100%
Białas
94%
Żabson
94%
Bedoes 2115
91%
Quebonafide
91%
Bambi
90%
White 2115
90%
Avi
83%
kaz bałagane
83%
Szpaku
83%
Sokół
79%
Zeamsone
65%
Kabe
63%
Okekel
58%
wane
47%
Hinol Polska Wersja
20%
Nie znaleziono quizów pasujących do podanych kryteriów
Rozkład punktacji
Procent ludzi z każdym wynikiem
Percentyl według liczby udzielonych odpowiedzi
Twoja historia wyników
Nie rozwiązałeś tego quizu